000 01321nam a2200313 c 4500
003 BLK
005 20231110163352.0
008 180911b bul|||||r ||||||| ||bul||
010 _a002668
040 _aBLK
041 _aBUL
_cBUL
080 _aБългарска литература
_b821.163.2
_x-1
_z821.163.2-1
100 1 _aХристов, Кирил
_d1875-1944
_gПоет, писател, драматург, публицист, преводач
_qГенчев, Кирил Христов
_9396616
245 0 0 _aЧеда на Балкана
_nЧ. 1-3
246 _aЕпическа поема : Ч. 1-3
260 _aСофия
_bВ. Н. Панайотова
_c1928 - 1929
_fПридворна печ.
300 _a112 с114-256 с257-432, IV с
_c23 см
380 _a82
490 _aЧастна колекция - Академик Михаил Арнаудов
_gДарение - Основен фонд
501 _aДатиране на книгата : Излязла 10. окт. 1928Подчертавания в текста Ч. 1-3 в едно тяло
650 _aПоезия
_9166642
655 _aбългарска литература
852 _aМА 1924
942 _cKNG
_n0
_s1
944 _aCR
_c1996
_k30560
_lГеновева Генчева
999 _c343007
_d343007
999 _d343007
999 _d343007
999 _d343007